[Event "GFBI I"]
[Site "SchemingMind.com"]
[Date "2023.05.20"]
[Round "-"]
[White "JAHI"]
[Black "Greg Magne"]
[Result "1-0"]
[WhiteCountry "INT"]
[BlackCountry "CAN"]
[WhiteElo "2175"]
[WhiteRD "78"]
[BlackElo "1850"]
[BlackRD "71"]
[GameID "734161"]

1. b3 d5 2. Bb2 c5 3. e3 Nc6 4. Bb5 a6 5. Bxc6+ bxc6 6. Nc3 Nf6 7. Na4 e6 8. Kf1 Bd6 9. d3 O-O 10. Nf3 Rb8
11. Nd2 Bd7 12. Kg1 e5 13. h3 Qe7 14. Qe2 Rb4 15. c3 Rb7 16. c4 Rfb8 17. Re1 Rb4 18. Bc3 R4b7 19. Bb2 Rb4 20. Ba3 R4b7
21. g3 Ne8 22. Rh2 Nc7 23. Kh1 Na8 24. f3 Nb6 25. Nxb6 Rxb6 26. f4 exf4 27. exf4 Qf6 28. Nf3 h6 29. d4 Re8 30. Ne5 Bxe5
31. fxe5 Qg6 32. Bxc5 Rb7 33. cxd5 cxd5 34. g4 f6 35. Qxa6 Bc8 36. Qc6 Kh7 37. Rhe2 fxe5 38. Qxg6+ Kxg6 39. Rxe5
1-0

[Event "GFBI I"]
[Site "SchemingMind.com"]
[Date "2023.05.21"]
[Round "-"]
[White "Greg Magne"]
[Black "guidoio"]
[Result "1/2-1/2"]
[WhiteCountry "CAN"]
[BlackCountry "ITA"]
[WhiteElo "1778"]
[WhiteRD "72"]
[BlackElo "1354"]
[BlackRD "119"]
[GameID "734162"]

1. e4 c5 2. Nf3 d6 3. d4 cxd4 4. Nxd4 e5 5. Nb5 a6 6. N5a3 b5 7. c4 b4 8. Qa4+ Bd7 9. Qxb4 Nc6 10. Qd2 Nf6
11. Nc3 h6 12. Nc2 Be7 13. Ne3 O-O 14. Ned5 Re8 15. Be2 Be6 16. O-O Nd4 17. Bd1 Rc8 18. b3 Nh7 19. f4 Nc6 20. Qf2 Nd4
21. fxe5 Nc6 22. exd6 Bxd6 23. Bb2 f6 24. Kh1 Ne5 25. Bc2 Ng4 26. Qh4 Nxh2 27. Rad1 Nxf1 28. Rxf1 Bxd5 29. exd5 Qe7 30. Bg6 Rf8
31. Re1 Qc7 32. Ne4 Be5 33. Bxe5 Qxe5 34. Nc5 Qd6 35. Ne6 Ng5 36. Nxf8 Rxf8 37. Bb1 a5 38. Qh5 Nf7 39. Re6 Qf4 40. Qf5 Qh4+
41. Kg1 Qd4+ 42. Kh2=
1/2-1/2

[Event "GFBI I"]
[Site "SchemingMind.com"]
[Date "2023.05.22"]
[Round "-"]
[White "guidoio"]
[Black "Greg Magne"]
[Result "0-1"]
[WhiteCountry "ITA"]
[BlackCountry "CAN"]
[WhiteElo "1330"]
[WhiteRD "119"]
[BlackElo "1816"]
[BlackRD "70"]
[GameID "734163"]

1. c4 e5 2. Nc3 f5 3. d3 Nf6 4. e3 Nc6 5. Nf3 d6 6. h3 Be6 7. Be2 Be7 8. O-O O-O 9. a3 Kh8 10. b4 a5
11. b5 Nb8 12. Ng5 Bg8 13. Nf3 Nbd7 14. Nh2 Nc5 15. Bb2 c6 16. Bf3 e4 17. dxe4 Bxc4 18. Re1 fxe4 19. Nxe4 Ncxe4 20. bxc6 d5
21. cxb7 Rb8 22. Qd4 Bc5 23. Qd1 Rxb7 24. Qc1 Qe7 25. Rd1 Rfb8 26. Bxf6 Nxf6 27. Ng4 Nxg4 28. Bxg4 Rb3
0-1

[Event "GFBI I"]
[Site "SchemingMind.com"]
[Date "2023.05.25"]
[Round "-"]
[White "Derek Price"]
[Black "maro"]
[Result "1-0"]
[WhiteCountry "ENG"]
[BlackCountry "MEX"]
[WhiteElo "2405"]
[WhiteRD "74"]
[BlackElo "1467"]
[BlackRD "64"]
[GameID "734164"]

1. c4 e5 2. Nc3 c6 3. Nf3 d6 4. d4 Nf6 5. dxe5 Ng4 6. exd6 Bxd6 7. h3 Nf6 8. e4 Qe7 9. Bd3 O-O 10. O-O c5
11. Re1 Be5 12. Nd5 Nxd5 13. exd5 f6 14. Nxe5 fxe5 15. Qh5 g6 16. Qxe5 Qf7 17. Qg3 Bf5 18. Bxf5 Qxf5 19. Bh6 Rd8 20. Re7 Rd7
21. Re8+
1-0

[Event "GFBI I"]
[Site "SchemingMind.com"]
[Date "2023.05.25"]
[Round "-"]
[White "maro"]
[Black "Derek Price"]
[Result "0-1"]
[WhiteCountry "MEX"]
[BlackCountry "ENG"]
[WhiteElo "1464"]
[WhiteRD "70"]
[BlackElo "2386"]
[BlackRD "74"]
[GameID "734165"]

1. d4 d5 2. e4 e6 3. exd5 exd5 4. Nc3 c6 5. Nf3 Bd6 6. Bd3 Bg4 7. h3 Bh5 8. O-O Ne7 9. Bg5 f6 10. Bh4 O-O
11. g4 Bg6 12. Bxg6 Nxg6 13. g5 Nxh4 14. Nxh4 fxg5 15. Nf3 Nd7 16. Nxg5 Qxg5+ 17. Kh1 Qf4
0-1

[Event "GFBI I"]
[Site "SchemingMind.com"]
[Date "2023.05.20"]
[Round "-"]
[White "Derek Price"]
[Black "mmccaffe"]
[Result "1-0"]
[WhiteCountry "ENG"]
[BlackCountry "USA"]
[WhiteElo "2364"]
[WhiteRD "72"]
[BlackElo "1698"]
[BlackRD "73"]
[GameID "734166"]

1. c4 e5 2. Nc3 Nf6 3. Nf3 Nc6 4. g3 Bb4 5. Bg2 O-O 6. O-O e4 7. Ne1 Bxc3 8. dxc3 h6 9. Nc2 Re8 10. Ne3 d6
11. b3 Be6 12. f4 exf3 13. exf3 Qd7 14. g4 a5 15. h3 Ne5 16. f4 Nexg4 17. hxg4 Nxg4 18. Re1 h5 19. Bxb7
1-0

[Event "GFBI I"]
[Site "SchemingMind.com"]
[Date "2023.05.20"]
[Round "-"]
[White "mmccaffe"]
[Black "Derek Price"]
[Result "0-1"]
[WhiteCountry "USA"]
[BlackCountry "ENG"]
[WhiteElo "1686"]
[WhiteRD "74"]
[BlackElo "2386"]
[BlackRD "74"]
[GameID "734167"]

1. d4 d5 2. c4 c6 3. Nf3 Nf6 4. Nc3 e6 5. Bg5 h6 6. Bh4 dxc4 7. e4 g5 8. Bg3 b5 9. Be2 Bb7 10. h4 g4
11. Ne5 h5 12. O-O Nbd7 13. Qc2 Nxe5 14. Bxe5 Bg7 15. b3 cxb3 16. axb3 O-O 17. Rad1 Qe7 18. Bd3 Rac8 19. Qd2 Ne8 20. Bxg7 Nxg7
21. g3 e5 22. d5 b4 23. Ne2 a5 24. f3 cxd5 25. exd5 gxf3 26. Rxf3 Bxd5 27. Bh7+ Kxh7 28. Qxd5 Rfd8 29. Qe4+ f5
0-1

[Event "GFBI I"]
[Site "SchemingMind.com"]
[Date "2023.05.21"]
[Round "-"]
[White "Derek Price"]
[Black "Phillip Beckett"]
[Result "1-0"]
[WhiteCountry "ENG"]
[BlackCountry "ENG"]
[WhiteElo "2364"]
[WhiteRD "72"]
[BlackElo "1474"]
[BlackRD "58"]
[GameID "734168"]

1. c4 e5 2. Nc3 Nf6 3. Nf3 Nc6 4. g3 d5 5. cxd5 Nxd5 6. Bg2 Be6 7. O-O f6 8. d4 Nxc3 9. bxc3 exd4 10. cxd4 Bd5
11. e4 Bc4 12. Re1 Bb4 13. Bd2 Bxd2 14. Qxd2 O-O 15. d5 Ne5 16. Nxe5 fxe5 17. Qc3 b5 18. Qxe5 Re8 19. Qc3 Rc8 20. Rad1 Qe7
21. a4 a6 22. Rd2 Qe5 23. Qxe5 Rxe5 24. f4 Ree8 25. Rc1 Rcd8 26. Kf2 Rd6 27. e5 Rdd8 28. Ke3 Kf7 29. Rd4 c6 30. dxc6 Rxd4
31. Kxd4 Rc8 32. axb5 axb5 33. Kc5 Ke7 34. Ra1 Rc7 35. Kb6 Rc8 36. Ra7+ Ke8 37. Bh3
1-0

[Event "GFBI I"]
[Site "SchemingMind.com"]
[Date "2023.05.21"]
[Round "-"]
[White "Phillip Beckett"]
[Black "Derek Price"]
[Result "0-1"]
[WhiteCountry "ENG"]
[BlackCountry "ENG"]
[WhiteElo "1474"]
[WhiteRD "58"]
[BlackElo "2364"]
[BlackRD "72"]
[GameID "734169"]

1. e4 c5 2. Nf3 d6 3. d4 cxd4 4. Nxd4 Nf6 5. Nc3 a6 6. Bg5 e6 7. f4 Be7 8. Qf3 h6 9. Bh4 Qc7 10. g4 Nbd7
11. g5 hxg5 12. Bxg5 b5 13. O-O-O Bb7 14. Bd3 Nc5 15. Rhe1 b4 16. h4 bxc3 17. bxc3 O-O-O 18. Kb2 Na4+ 19. Kc1 d5 20. e5 Qxc3
21. Nb3 Ba3+ 22. Kb1 Qb2#
0-1

[Event "GFBI I"]
[Site "SchemingMind.com"]
[Date "2023.05.21"]
[Round "-"]
[White "Derek Price"]
[Black "private napoleon"]
[Result "1-0"]
[WhiteCountry "ENG"]
[BlackCountry "ENG"]
[WhiteElo "2386"]
[WhiteRD "74"]
[BlackElo "1683"]
[BlackRD "86"]
[GameID "734170"]

1. c4 g6 2. Nf3 Bg7 3. g3 d5 4. cxd5 Qxd5 5. Nc3 Qd8 6. d4 Nf6 7. Bg2 O-O 8. O-O Bf5 9. Qb3 Qc8 10. Nh4 c6
11. Nxf5 gxf5 12. Bf4 Nbd7 13. Rac1 Nb6 14. d5 Nh5 15. Be3 Qd8 16. dxc6 bxc6 17. Bxc6 Rb8 18. Bf3 Nf6 19. Bf4 Rc8 20. Rfd1 Qe8
21. Nb5 Rxc1 22. Rxc1 e5 23. Nd6 Qe6 24. Qxe6 fxe6 25. Bxe5 Nfd5 26. Bxg7 Kxg7 27. Nb5 Rc8 28. Rxc8 Nxc8 29. Bxd5 exd5 30. f3 Kf6
31. Kf2 Ke5 32. Ke3 a6 33. f4+ Ke6 34. Nc7+ Kd6 35. Nxa6 Nb6 36. b3 Nd7 37. Nb4 Nf6 38. Kd4 Ng4 39. Nxd5 Nxh2 40. Ne3
1-0

[Event "GFBI I"]
[Site "SchemingMind.com"]
[Date "2023.05.22"]
[Round "-"]
[White "private napoleon"]
[Black "Derek Price"]
[Result "0-1"]
[WhiteCountry "ENG"]
[BlackCountry "ENG"]
[WhiteElo "1683"]
[WhiteRD "86"]
[BlackElo "2386"]
[BlackRD "74"]
[GameID "734171"]

1. e4 c5 2. c4 Nc6 3. Nc3 g6 4. g3 Bg7 5. Bg2 a6 6. d3 b5 7. Nge2 Rb8 8. O-O b4 9. Nd5 e6 10. Ndf4 d6
11. Qc2 Nf6 12. Be3 Ng4 13. Rab1 Nxe3 14. fxe3 O-O 15. Kh1 Qb6 16. b3 a5 17. h3 Bb7 18. Kh2 Ra8 19. Ng1 Ra6 20. Nf3 Qa7
21. Ng5 Bc8 22. h4 h6 23. Ngh3 a4 24. Rf2 axb3 25. axb3 Bb7 26. g4 Ra8 27. g5 h5 28. Qd1 Ra1 29. Rxa1 Qxa1 30. Qf3 Ne5
31. Qe2 Ng4+ 32. Kg3 Nxf2 33. Qxf2 Be5 34. d4 cxd4 35. exd4 Bxd4 36. Qf3 Qe1+ 37. Kh2 Be5
0-1

[Event "GFBI I"]
[Site "SchemingMind.com"]
[Date "2023.05.21"]
[Round "-"]
[White "Derek Price"]
[Black "JimM"]
[Result "1-0"]
[WhiteCountry "ENG"]
[BlackCountry "USA"]
[WhiteElo "2386"]
[WhiteRD "74"]
[BlackElo "1702"]
[BlackRD "95"]
[GameID "734172"]

1. c4 Nf6 2. g3 e5 3. Bg2 d5 4. cxd5 Nxd5 5. Nf3 Nc6 6. O-O Nb6 7. b3 Bd6 8. Bb2 Qe7 9. Nc3 Bd7 10. d4 exd4
11. Nxd4 O-O-O 12. Rc1 Nxd4 13. Qxd4 f6 14. Nd5 Qe5 15. Nxb6+ axb6 16. Qxb6
1-0

[Event "GFBI I"]
[Site "SchemingMind.com"]
[Date "2023.05.22"]
[Round "-"]
[White "JimM"]
[Black "Derek Price"]
[Result "0-1"]
[WhiteCountry "USA"]
[BlackCountry "ENG"]
[WhiteElo "1701"]
[WhiteRD "90"]
[BlackElo "2405"]
[BlackRD "74"]
[GameID "734173"]

1. e4 c5 2. Nf3 d6 3. d4 cxd4 4. Nxd4 Nf6 5. Nc3 a6 6. Be3 e5 7. Nb3 Be6 8. h3 Be7 9. f4 exf4 10. Bxf4 Nc6
11. Qe2 Nd7 12. O-O-O Nce5 13. Kb1 Rc8 14. Qe3 O-O 15. Nd5 Bxd5 16. exd5 Bf6 17. g4 Re8 18. Qg3 Bg5 19. Bg2 Bh4 20. Qh2 Nc5
21. Nd4 Nc4 22. Bf1 Nxb2 23. Kxb2 Na4+ 24. Kc1 Nc3
0-1

[Event "GFBI I"]
[Site "SchemingMind.com"]
[Date "2023.05.20"]
[Round "-"]
[White "Derek Price"]
[Black "JAHI"]
[Result "1-0"]
[WhiteCountry "ENG"]
[BlackCountry "INT"]
[WhiteElo "2405"]
[WhiteRD "74"]
[BlackElo "2174"]
[BlackRD "76"]
[GameID "734174"]

1. c4 e6 2. g3 h6 3. Bg2 h5 4. h3 h4 5. g4 d6 6. d4 d5 7. Nc3 Bb4 8. Qb3 Bxc3+ 9. Qxc3 Kf8 10. Nf3 f6=
11. O-O Ne7 12. Re1 c6 13. b3 Na6 14. e4 Kg8 15. g5 Rh7 16. gxf6 gxf6 17. e5 Nf5 18. Kh2 Bd7 19. Rg1 Be8 20. Bf4 Bh5
21. exf6 Qxf6 22. Be5 Qe7 23. cxd5 cxd5 24. Bf1+ Kf8 25. Bd3 Nb4 26. Bxf5 exf5 27. Rae1 Nc6 28. Bf4 Qd7 29. Qc5+ Ne7 30. Ne5 Qd8
31. Rg2 Rc8 32. Qxa7 Rc6 33. Qxb7 Qc8 34. Qb4 Re6 35. Reg1 Bf7 36. Rg5 Rf6 37. a4 Qd8 38. a5 Qc8 39. Bc1 Qc7 40. Ba3 Rc6
41. Qxe7+ Qxe7 42. Bxe7+ Kxe7 43. Nxc6+ Kf6 44. a6 Be8 45. a7 Rxa7 46. Nxa7 Ke6 47. b4 Kf6 48. b5 Ke6 49. b6 Kd6 50. Rg7 Ke6
51. b7 Bf7 52. b8=Q Kd7 53. Re1 f4 54. Rxf7#
1-0

[Event "GFBI I"]
[Site "SchemingMind.com"]
[Date "2023.05.20"]
[Round "-"]
[White "JAHI"]
[Black "Derek Price"]
[Result "1/2-1/2"]
[WhiteCountry "INT"]
[BlackCountry "ENG"]
[WhiteElo "2190"]
[WhiteRD "81"]
[BlackElo "2369"]
[BlackRD "66"]
[GameID "734175"]

1. b3 e5 2. Bb2 Nc6 3. a3 d5 4. b4 a6 5. d3 g5 6. Nd2 Nge7 7. e3 Bg7 8. Be2 Ng6 9. Kf1 O-O 10. h3 f5
11. Bh5 Be6 12. Bxg6 hxg6 13. Ne2 Qe7 14. Kg1 Rae8 15. Rh2 Rf7 16. Kh1 Bf6 17. c3 e4 18. d4 Rh7 19. Qc2 Qf7 20. Rg1 Ne7
21. g3 Kg7 22. Kg2 Reh8 23. Rgh1 Kg8 24. a4 f4 25. exf4 gxf4 26. Nxf4 Bf5 27. Qc1 Bg5 28. Nf1 Bd7 29. h4 Bh6 30. Ne3 Bxf4
31. gxf4 Qxf4 32. Kg1 Bxa4 33. Qf1 Qf3 34. Rh3 Qf6 35. Ng4 Qf5 36. Qg2 Be8 37. Bc1 Bd7 38. Rg3 Kf8 39. Bg5 Qe6 40. Ne5 Nc6
41. Bf4 Nxe5 42. Bxe5 Rg8 43. Bxc7 Qc6 44. Bf4 Rh5 45. Re3 Rf5 46. Bg5 Kg7 47. Rh2 Qa4 48. Re1 Qc6 49. Qg3 Qe6 50. Rg2 Kh7
51. f3 Bb5 52. Qg4 Qf7 53. fxe4 dxe4 54. Rxe4 Rf1+ 55. Kh2 Re8 56. Rf4 Rxf4 57. Qxf4 Qxf4+ 58. Bxf4 Re2 59. Rxe2 Bxe2 60. Kg3 Kg7=
61. d5 Kf6 62. Kf2 Bc4 63. d6 Ke6 64. Ke3 Bd5 65. Kd4 Bf3 66. Kc5 Kd7 67. c4 Be4 68. Kd4 Bf3 69. Ke5 Bg2 70. c5 Bc6
71. Bg3 Bb5 72. Bf4 Bc4 73. Bd2 Bb5= 74. Bc3 Bc6 75. Kf6 Be4 76. Ke5 Bc6 77. Bd4 Bb5 78. Bg1 Bc6 79. Bd4 Bb5 80. Kf6 Bd3=
81. Be5 Bc2 82. Bh2 Be4 83. Kf7 Bc2 84. Kf6 Be4 85. Bf4 Bc2 86. Ke5 Bb1 87. Be3 Bd3 88. Bg5 Bc2 89. Bf4 Bb1 90. Be3 Bc2
91. Bd4 Bb1 92. Bf2 Bc2 93. Bg1 Bb1 94. Bf2 Bc2 95. Bd4 Bb1 96. Bg1 Bc2 97. Bh2
1/2-1/2

[Event "GFBI I"]
[Site "SchemingMind.com"]
[Date "2023.05.21"]
[Round "-"]
[White "Derek Price"]
[Black "guidoio"]
[Result "1-0"]
[WhiteCountry "ENG"]
[BlackCountry "ITA"]
[WhiteElo "2372"]
[WhiteRD "74"]
[BlackElo "1354"]
[BlackRD "119"]
[GameID "734176"]

1. c4 c5 2. Nf3 Nc6 3. Nc3 e6 4. g3 Nf6 5. Bg2 d6 6. O-O Be7 7. d4 cxd4 8. Nxd4 Nxd4 9. Qxd4 e5 10. Qd3 Rb8
11. b3 O-O 12. Rd1 Be6 13. Bg5 h6 14. Bxf6 Bxf6 15. Bd5 a6 16. Ne4 Bxd5 17. Qxd5 Be7 18. Nxd6 Bxd6 19. Qxd6 Re8 20. Qxd8 Rbxd8
21. Kf1 f6 22. Ke1 Kf7 23. Rxd8 Rxd8 24. Rd1 Rxd1+ 25. Kxd1 Ke6 26. Kd2 b6 27. g4 g5 28. Kd3 f5 29. gxf5+ Kxf5 30. b4 g4
31. c5 bxc5 32. bxc5 Ke6 33. Ke4 a5 34. a4 h5 35. f3 gxf3 36. exf3 h4 37. h3 Kf6 38. Kd5
1-0

[Event "GFBI I"]
[Site "SchemingMind.com"]
[Date "2023.05.22"]
[Round "-"]
[White "guidoio"]
[Black "Derek Price"]
[Result "0-1"]
[WhiteCountry "ITA"]
[BlackCountry "ENG"]
[WhiteElo "1330"]
[WhiteRD "119"]
[BlackElo "2393"]
[BlackRD "74"]
[GameID "734177"]

1. c4 e5 2. Nc3 Nf6 3. d3 Nc6 4. Nf3 d5 5. cxd5 Nxd5 6. e4 Nxc3 7. bxc3 h6 8. h3 Bd6 9. Be2 O-O 10. O-O Re8
11. Rb1 b6 12. Be3 Qe7 13. Nh2 Be6 14. a4 Rad8 15. f4 exf4 16. Bxf4 Bxf4 17. Rxf4 Qg5 18. Qf1 Bxh3 19. Bg4 Bxg4 20. Nxg4 Ne7
21. Rb5 c5 22. d4 Ng6 23. Nxh6+ Qxh6 24. Rxf7 Rxe4 25. Rxa7 Rf8 26. Qc4+ Kh8 27. Rb1 Qe3+
0-1

[Event "GFBI I"]
[Site "SchemingMind.com"]
[Date "2023.05.25"]
[Round "-"]
[White "maro"]
[Black "mmccaffe"]
[Result "0-1"]
[WhiteCountry "MEX"]
[BlackCountry "USA"]
[WhiteElo "1464"]
[WhiteRD "70"]
[BlackElo "1686"]
[BlackRD "74"]
[GameID "734178"]

1. e4 e5 2. d4 exd4 3. Nf3 Nc6 4. Bc4 Nf6 5. e5 d5 6. Bb3 Ne4 7. O-O Bg4 8. h3 Bh5 9. c3 Nxe5 10. cxd4 Nxf3+
11. gxf3 Qh4 12. Kh2 Bd6+ 13. Kg2 Ng5 14. Bxg5 Qxg5+ 15. Kh1 Qf4 16. Re1+ Kf8 17. Re5 Bxf3+
0-1

[Event "GFBI I"]
[Site "SchemingMind.com"]
[Date "2023.05.25"]
[Round "-"]
[White "mmccaffe"]
[Black "maro"]
[Result "1-0"]
[WhiteCountry "USA"]
[BlackCountry "MEX"]
[WhiteElo "1708"]
[WhiteRD "75"]
[BlackElo "1467"]
[BlackRD "64"]
[GameID "734179"]

1. d4 d5 2. c4 dxc4 3. Nf3 Nc6 4. e3 Bf5 5. Bxc4 Nf6 6. Nc3 e6 7. O-O Bd6 8. Qe2 h6 9. e4 Bg4 10. e5 Bxf3
11. gxf3 Nxd4 12. Qd3 Bc5 13. exf6 Qxf6 14. Ne4 Nxf3+ 15. Kg2 Nh4+ 16. Kg3 Nf5+ 17. Kg2 Qg6+ 18. Kh1 Rd8 19. Qb3 Nh4 20. Ng3 Bd6
21. Qxb7 O-O 22. Qe4 Qf6 23. Be2 Bxg3 24. fxg3 Ng6 25. Rxf6 gxf6 26. Bxh6 f5 27. Qc2 Rfe8 28. Qc3 e5 29. Bh5
1-0

[Event "GFBI I"]
[Site "SchemingMind.com"]
[Date "2023.05.25"]
[Round "-"]
[White "maro"]
[Black "Phillip Beckett"]
[Result "1/2-1/2"]
[WhiteCountry "MEX"]
[BlackCountry "ENG"]
[WhiteElo "1464"]
[WhiteRD "70"]
[BlackElo "1523"]
[BlackRD "54"]
[GameID "734180"]

1. d4 d5 2. e4 dxe4 3. Nc3 e6 4. Bf4 Nf6 5. Bb5+ Bd7 6. f3 a6 7. Bc4 Be7 8. Qe2 exf3 9. Nxf3 Bc6 10. O-O-O Nbd7
11. d5 exd5 12. Nxd5 Bxd5 13. Bxd5 Nxd5 14. Rxd5 O-O 15. Rhd1 Bd6 16. Bxd6 cxd6 17. Rxd6 Qa5 18. Kb1 Nf6 19. h3 Rfe8 20. Qc4 Rac8
21. Qh4 Qc5 22. c3 Qf5+ 23. Ka1 Ne4 24. Rd8 Nf6 25. Rxe8+ Rxe8 26. Nd4 Qc8 27. g3 Qc4 28. g4 Ne4 29. Nf5 Qe2 30. Re1 Qd2
31. a3 Nf6 32. Rxe8+ Nxe8 33. Ne7+ Kf8 34. Nf5 Qd1+ 35. Ka2 Qd5+ 36. Ka1 Qd1+ 37. Ka2 Qd5+= 38. Kb1 Qd1+ 39. Ka2 Qd5+ 40. Kb1 Qd1+=
41. Ka2 Qd5+
1/2-1/2

[Event "GFBI I"]
[Site "SchemingMind.com"]
[Date "2023.05.25"]
[Round "-"]
[White "Phillip Beckett"]
[Black "maro"]
[Result "0-1"]
[WhiteCountry "ENG"]
[BlackCountry "MEX"]
[WhiteElo "1523"]
[WhiteRD "54"]
[BlackElo "1464"]
[BlackRD "70"]
[GameID "734181"]

1. e4 e5 2. Nf3 Nc6 3. Bb5 d6 4. O-O Bd7 5. d4 exd4 6. Nxd4 Nxd4 7. Bxd7+ Qxd7 8. Qxd4 f6 9. Nc3 c6 10. Bf4 c5
11. Qd2 g5 12. Bg3 g4 13. Bh4 Bh6 14. Qd5 Ne7 15. Bxf6 Nxd5 16. exd5 Rf8 17. Rfe1+ Kf7 18. Re7+ Qxe7 19. Bxe7 Kxe7 20. Re1+ Kd7
21. Ne4 Rae8
0-1

[Event "GFBI I"]
[Site "SchemingMind.com"]
[Date "2023.05.25"]
[Round "-"]
[White "maro"]
[Black "private napoleon"]
[Result "0-1"]
[WhiteCountry "MEX"]
[BlackCountry "ENG"]
[WhiteElo "1467"]
[WhiteRD "64"]
[BlackElo "1688"]
[BlackRD "84"]
[GameID "734182"]

1. e4 e6 2. d4 d5 3. exd5 exd5 4. Nc3 Bb4 5. Bd2 Nf6 6. Nf3 O-O 7. Bd3 Re8+ 8. Be2 Qe7 9. O-O Bxc3 10. Bxc3 Qxe2
11. Qc1 Bf5 12. Re1 Qxc2 13. Rxe8+ Nxe8 14. Qe3 Nc6 15. Rc1 Qe4 16. Qg5 Nd6 17. Re1 Qg4 18. Bd2 Qxg5 19. Nxg5 Re8
0-1

[Event "GFBI I"]
[Site "SchemingMind.com"]
[Date "2023.05.25"]
[Round "-"]
[White "private napoleon"]
[Black "maro"]
[Result "1-0"]
[WhiteCountry "ENG"]
[BlackCountry "MEX"]
[WhiteElo "1688"]
[WhiteRD "84"]
[BlackElo "1467"]
[BlackRD "64"]
[GameID "734183"]

1. e4 e5 2. Nc3 Nf6 3. Bc4 Bc5 4. d3 d6 5. Bg5 O-O 6. Nd5 Bxf2+ 7. Kf1 Bg4 8. Bxf6 gxf6 9. Qxg4+ Kh8 10. Kxf2 Rg8
11. Qh4 c6 12. Nxf6 Rg7 13. Nf3 Nd7 14. Nxd7 Qxd7 15. Rhf1 Rag8 16. g3 b5 17. Bb3 a5 18. a4 Qa7+ 19. Ke2 bxa4 20. Rxa4 Rg4
21. Qf6+ R4g7 22. Ng5
1-0

[Event "GFBI I"]
[Site "SchemingMind.com"]
[Date "2023.05.25"]
[Round "-"]
[White "maro"]
[Black "JimM"]
[Result "1/2-1/2"]
[WhiteCountry "MEX"]
[BlackCountry "USA"]
[WhiteElo "1513"]
[WhiteRD "70"]
[BlackElo "1690"]
[BlackRD "86"]
[GameID "734184"]

1. d4 Nf6 2. Nc3 g6 3. e4 d5 4. e5 Ng4 5. Be2 Nh6 6. Bf3 Bg7 7. Bxd5 c6 8. Bc4 Nf5 9. Nf3 c5 10. d5 e6
11. d6 a6 12. Ne4 b5 13. Bg5 Qa5+ 14. c3 bxc4 15. Nf6+ Bxf6 16. Bxf6 Rg8 17. O-O Nd7 18. Bh4 Nxh4 19. Nxh4 Nxe5 20. Re1 Nd3
21. Re3 Nxb2 22. Qf3 Nd3 23. Qc6+ Bd7 24. Qxa8+ Qd8 25. Qe4 Kf8 26. Qxc4 Bb5 27. Qg4 Qxd6 28. c4 Be8 29. Rd1 Qf4 30. Qe2 Qxh4
31. Qxd3 Kg7 32. Re4 Qf6 33. Qd6 Qb2 34. Qxa6 Qc2 35. Ree1 Ba4 36. Qd6 Qxc4 37. Qe5+ Kh6 38. Rc1 Qxa2 39. Qf4+ Kg7 40. Rxc5 Qb3
41. Rc7 Rf8 42. h4 h5 43. Re5 Qd1+ 44. Kh2 Bb3 45. Rb7 Bd5 46. Rd7 Qf1 47. Rg5 Qd3 48. Qe5+ Kg8 49. Qf6 Qe4 50. f3 Qxh4+
51. Kg1 Qe1+=
1/2-1/2

[Event "GFBI I"]
[Site "SchemingMind.com"]
[Date "2023.05.25"]
[Round "-"]
[White "JimM"]
[Black "maro"]
[Result "0-1"]
[WhiteCountry "USA"]
[BlackCountry "MEX"]
[WhiteElo "1689"]
[WhiteRD "84"]
[BlackElo "1521"]
[BlackRD "61"]
[GameID "734185"]

1. e4 e5 2. Nf3 Nc6 3. Bb5 d6 4. d4 Bd7 5. Nc3 exd4 6. Nxd4 Nf6 7. O-O a6 8. Bxc6 Bxc6 9. Nxc6 bxc6 10. Qf3 g6
11. Bg5 Bg7 12. Rfe1 O-O 13. Rad1 Qe7 14. Re2 Qe5 15. Bf4 Qh5 16. Qd3 Ng4 17. h3 Ne5 18. Qg3 Nc4 19. Rb1 Bxc3 20. bxc3 Qxe2
21. Rb7 Rab8 22. Rxc7 Rb1+ 23. Kh2 Nd2 24. Bxd2 Qxd2 25. Qf3 Rf1 26. Kg3 f5 27. e5 dxe5 28. Rxc6 f4+ 29. Kg4 Qd7+ 30. Kh4 Qe7+
31. Kg4 h5#
0-1

[Event "GFBI I"]
[Site "SchemingMind.com"]
[Date "2023.05.25"]
[Round "-"]
[White "maro"]
[Black "JAHI"]
[Result "1/2-1/2"]
[WhiteCountry "MEX"]
[BlackCountry "INT"]
[WhiteElo "1467"]
[WhiteRD "64"]
[BlackElo "2174"]
[BlackRD "76"]
[GameID "734186"]

1. e4 e6 2. d4 d6 3. Nf3 d5 4. exd5 exd5 5. Nc3 Bb4 6. Bd2 Bxc3 7. Bxc3 Bg4 8. Bd3 Kf8 9. Bb4+ Ne7 10. h3 Bxf3
11. Qxf3 Nc6 12. Ba3 Nxd4 13. Qe3 Ne6 14. Bf5 Qd7 15. O-O-O Rd8 16. Rhe1 Kg8 17. Bxe6 fxe6 18. Qxe6+ Qxe6 19. Rxe6 Nc6 20. Rde1 Kf7
21. R6e3 Rhe8 22. Rxe8 Rxe8 23. Rxe8 Kxe8 24. f4=
1/2-1/2

[Event "GFBI I"]
[Site "SchemingMind.com"]
[Date "2023.05.25"]
[Round "-"]
[White "JAHI"]
[Black "maro"]
[Result "1-0"]
[WhiteCountry "INT"]
[BlackCountry "MEX"]
[WhiteElo "2174"]
[WhiteRD "76"]
[BlackElo "1467"]
[BlackRD "64"]
[GameID "734187"]

1. b3 d5 2. Bb2 Nc6 3. e3 e5 4. Bb5 Bd7 5. Bxc6 Bxc6 6. Bxe5 Bd6 7. Bxg7 Qe7 8. Bxh8 O-O-O 9. Bb2 d4 10. Qg4+ Bd7
11. Qxd4 Be5 12. Qxe5 Be6 13. Kf1 Bc4+ 14. bxc4 Qb4 15. d3 f6 16. Qe6+ Kb8 17. Bxf6 Nxf6 18. Qxf6 Rf8 19. Qc3 Qb6 20. Nf3
1-0

[Event "GFBI I"]
[Site "SchemingMind.com"]
[Date "2023.05.25"]
[Round "-"]
[White "maro"]
[Black "guidoio"]
[Result "1-0"]
[WhiteCountry "MEX"]
[BlackCountry "ITA"]
[WhiteElo "1521"]
[WhiteRD "61"]
[BlackElo "1330"]
[BlackRD "119"]
[GameID "734188"]

1. e4 c5 2. d4 cxd4 3. Nf3 Nc6 4. Bc4 e6 5. a3 e5 6. Bxf7+ Kxf7 7. Ng5+ Ke8 8. c3 Be7 9. Nf3 dxc3 10. Nxc3 Nf6
11. Qb3 d6 12. O-O h6 13. h3 a6 14. Be3 Na5 15. Qc2 Be6 16. Na4 Bb3 17. Bb6 Bxc2 18. Bxd8
1-0

[Event "GFBI I"]
[Site "SchemingMind.com"]
[Date "2023.05.25"]
[Round "-"]
[White "guidoio"]
[Black "maro"]
[Result "0-1"]
[WhiteCountry "ITA"]
[BlackCountry "MEX"]
[WhiteElo "1330"]
[WhiteRD "119"]
[BlackElo "1521"]
[BlackRD "61"]
[GameID "734189"]

1. c4 e5 2. Nc3 Nf6 3. d3 Nc6 4. Nf3 Bc5 5. e3 d5 6. cxd5 Nxd5 7. Be2 O-O 8. h3 Bb4 9. Bd2 Re8 10. Rc1 h6
11. O-O b6 12. Nxd5 Qxd5 13. a3 Bd6 14. e4 Qe6 15. Rxc6 Bb7 16. Rc3 Bc5 17. Be3 Bxe3
0-1

[Event "GFBI I"]
[Site "SchemingMind.com"]
[Date "2023.05.21"]
[Round "-"]
[White "mmccaffe"]
[Black "Phillip Beckett"]
[Result "1-0"]
[WhiteCountry "USA"]
[BlackCountry "ENG"]
[WhiteElo "1705"]
[WhiteRD "74"]
[BlackElo "1468"]
[BlackRD "57"]
[GameID "734190"]

1. d4 d5 2. Nf3 Nf6 3. g3 e6 4. Bg2 c5 5. c3 Nc6 6. O-O cxd4 7. cxd4 Bd7 8. b3 Be7 9. Bb2 O-O 10. Nbd2 Rc8
11. Ne5 Bd6 12. e4 dxe4 13. Nxe4 Nxe4 14. Bxe4 Qc7 15. Rc1 Qd8 16. Nxc6 Bxc6 17. Bxc6 Rxc6 18. Rxc6 bxc6 19. Qc2 Qb6 20. Rc1 Rc8
21. Qc3 f6 22. Qc4 c5 23. Qxe6+
1-0

[Event "GFBI I"]
[Site "SchemingMind.com"]
[Date "2023.05.21"]
[Round "-"]
[White "Phillip Beckett"]
[Black "mmccaffe"]
[Result "0-1"]
[WhiteCountry "ENG"]
[BlackCountry "USA"]
[WhiteElo "1468"]
[WhiteRD "57"]
[BlackElo "1705"]
[BlackRD "74"]
[GameID "734191"]

1. e4 c5 2. Nf3 e6 3. d4 cxd4 4. Nxd4 a6 5. Bd3 Bc5 6. Nb3 Ba7 7. c3 Nc6 8. O-O Qc7 9. N1d2 b5 10. Qe2 Ne5
11. Bc2 Bb7 12. Nf3 f5 13. Nxe5 Qxe5 14. Re1 Bb8 15. f4 Qf6 16. e5 Qh6 17. Nc5 Ba7 18. Be3 Bxc5 19. Bxc5 Qxf4 20. Rf1 Qg5
21. a4 Nh6 22. axb5 axb5 23. Rxa8+ Bxa8 24. Be3 Qg6 25. Qxb5 Qxg2#
0-1